Estatísticas para Maiores cidades brasileiras por letra do alfabeto

Clique aqui para jogar o quiz

Estatísticas Gerais

  • Esse quiz foi jogado 136 vezes
  • A pontuação média é 17 de 25

Estatísticas das Respostas

LetraEstadoCidade% Correto
BDFBrasília
96%
CPRCuritiba
94%
FCEFortaleza
93%
SSPSão Paulo
93%
ASEAracaju
92%
GGOGoiânia
92%
MAMManaus
91%
JPBJoão Pessoa
89%
NRNNatal
89%
RRJRio de Janeiro
89%
PRSPorto Alegre
86%
TPITeresina
85%
LPRLondrina
84%
UMGUberlândia
82%
OSPOsasco
74%
DRJDuque de Caxias
65%
VESVila Velha
60%
HSPHortolândia
51%
XSCXanxerê
43%
QRJQueimados
42%
ESPEmbu das Artes
39%
ISPItaquaquecetuba
36%
KPRKaloré
18%
ZMAZé Doca
17%
WBAWenceslau Guimarães
12%

Distribuição das Pontuações

Percentil de Números Respondidos

Porcentagem de Pessoas com Cada Pontuação

Sua Pontuação Histórica

Você não jogou esse quiz